01023cam a22002775a 450000100090000000300040000900500170001300800410003001000170007102000460008802000430013402000360017702000330021303500240024604000440027004200140031408200230032824500770035126000890042830000340051749000670055165000250061865000310064370000150067483000560068916137325OSt20150408113914.0100316s2010 cc a 000 0 eng d a 2010924807 a9787308074124 (Zhejiang University Press) a7308074129 (Zhejiang University Press) a9783642126505 (Springer Verlag) a3642126502 (Springer Verlag) a(OCoLC)ocn648933396 aBTCTAbengcBTCTAdYDXCPdBWXdNDDdDLC alccopycat 221a006.696bT H D00aThree-dimensional model analysis and processing /cFaxin Yu ... [et al.] aHangzhuou :bZhejiang University Press ;aHeidelberg ;aNew York ;bSpringer,c2010. axiv, 421 p. :bill. ;c25 cm.1 aAdvanced topics in science and technology in China,x1995-6819 0aComputer simulation. 0aThree-dimensional imaging.1 aYu, Faxin. 0aAdvanced topics in science and technology in China.